000 00402nam a2200121Ia 4500
008 150223s9999 xx 000 0 und d
020 _a9781892127914
050 _aTR 501
_b.A465 2006
245 4 _aThe amazing page :
_b650 new scrapbook page ideas, tips and techniques
260 _aOhio :
_bF+W Publications,
_c2006
300 _a224 pages :
_bColored, Illustration ;
_c28 cm.
504 _aIncludes Index.
999 _c283252
_d283252